000 00730nam a2200193 a 4500
001 BRCA_4904
005 20190320204843.0
008 191010s2004----sp-a#####c---#000-0#spa-#
041 _aspa
044 _asp
050 4 _aPQ6510
_p.M36 2004
245 1 0 _ade la Mancha ... a la Pampa : exposición Cervantes
_ben conmemoración IV Centenario de la edición de la primera parte ´El Ingenioso Hidalgo Don Quijote de la Mancha´.
260 _a[España]
_bBiblioteca popular de azul : Asociación Española de Socorros Mutos de Azul
_c2004
300 _a92 p.
_bil a color
_c23 cm.
504 _aBibliografía: p. 91-92
600 1 4 _aCervantes Saavedra, Miguel de
_tDon Quixote
_y1547-1616
_912424
902 _aCERV
942 _2lcc
_cB
999 _c4598
_d4598